|
|
|
|
| LEADER |
00000nas a2200000 a 4500 |
| 001 |
ssj0000327811 |
| 003 |
WaSeSS |
| 005 |
20200512172242.0 |
| 006 |
m d |
| 007 |
cr n |
| 008 |
840116c19539999xo fx s 0 b0slo |
| 010 |
|
|
|a sn 84046060
|
| 016 |
7 |
|
|a 010482293
|2 Uk
|
| 022 |
|
|
|l 0021-5597
|y 0021-5597
|
| 035 |
|
|
|a (WaSeSS)ssj0000327811
|
| 040 |
|
|
|a DLC
|b eng
|c VA@
|d VA@
|d IUL
|d WAU
|d IUL
|d OCLCQ
|d UKMGB
|d OCLCF
|d CUS
|d OCLCO
|d OCLCQ
|d RDF
|d VT2
|d DLC
|d WaSeSS
|
| 042 |
|
|
|a pcc
|
| 050 |
1 |
4 |
|a P9
|b .J3
|
| 210 |
0 |
|
|a Jazykoved. čas.
|b (Tlačené vyd.)
|
| 222 |
|
0 |
|a Jazykovedný časopis
|b (Tlačené vydanie)
|
| 245 |
0 |
0 |
|a Jazykovedný časopis
|h [electronic resource].
|
| 246 |
1 |
1 |
|a Journal of linguistics
|
| 246 |
1 |
1 |
|a Linguistic Journal
|
| 246 |
1 |
1 |
|a Lingvističeskij žurnal
|
| 260 |
|
|
|a Bratislava :
|b Vydavatel'stvo Slovenskej akadémie vied,
|c 1953-
|
| 310 |
|
|
|a Two no. a year
|
| 362 |
0 |
|
|a Roč. 7, čís. 1 (1953)-
|
| 500 |
|
|
|a Publisher varies: Slovak Academic Press, 1992-<1999>
|
| 506 |
|
|
|a License restrictions may limit access.
|
| 515 |
|
|
|a Suspended 1955-1957.
|
| 588 |
|
|
|a Latest issue consulted: Roč. 50, čís. 1 (1999).
|
| 650 |
|
0 |
|a Language and languages
|v Periodicals.
|
| 650 |
|
0 |
|a Slovak language
|v Periodicals.
|
| 650 |
|
7 |
|a Language and languages.
|2 fast
|0 (OCoLC)fst00992154
|
| 650 |
|
7 |
|a Slovak language.
|2 fast
|0 (OCoLC)fst01121000
|
| 655 |
|
0 |
|a Electronic journals.
|
| 710 |
2 |
|
|a Slovenská akadémia vied.
|
| 780 |
0 |
0 |
|t Jazykovedný sborník Slovenskej akadémie vied a umení
|w (OCoLC)10303854
|
| 850 |
|
|
|a InU
|
| 856 |
4 |
0 |
|z Full text available from Research Library: 01/01/2009 to present
|u https://search.proquest.com/publication/2026570
|